000 00317nam a2200133Ia 4500
008 210312s9999||||xx |||||||||||||| ||und||
041 _aosm
050 _aPR4057
050 _bB15.M419
100 _aBallantyne
245 0 _aMercan adası
260 _c1927
650 _aEdebiyat--İngiliz edebiyatı--Roman ve hikaye
999 _c22180
_d22180